00328 a2200133 450000100060000002000180000604000220002410000190004624000480006524500430011330000080015636200090016465000210017359152 a9788536307022 cAnchieta - Pituba aMilani, Estela10aJogos de matemática de 6º a 9º anolpor10aJogos de matemática de 6º a 9º ano a1040 a2007 4aTeoria dos jogos